You are not a sh*tty parent (Record no. 4488)

MARC details
000 -LEADER
fixed length control field 00379nam a22001457a 4500
008 - FIXED-LENGTH DATA ELEMENTS--GENERAL INFORMATION
fixed length control field 250915b |||||||| |||| 00| 0 eng d
020 ## - INTERNATIONAL STANDARD BOOK NUMBER
ISBN 9781399700719
100 ## - MAIN ENTRY--AUTHOR
Author Naumburg Carla
245 ## - TITLE STATEMENT
Title You are not a sh*tty parent
260 ## - PUBLICATION, DISTRIBUTION, ETC. (IMPRINT)
Place of publication London
Name of publisher Hodder& stoughton ltd
Date of publication 2022
300 ## - COLLATION
Pagination iv,220p.
650 ## - TRACINGS
Main Subject parenting
Subdivision (1st) child rearing
942 ## - ADDED ENTRY ELEMENTS (KOHA)
Item type Books
050 ## - LIBRARY OF CONGRESS CALL NUMBER
Classification number HQ755.8
Item number .N38
Holdings
Source of classification or shelving scheme Not for loan Permanent location Current location Date acquired Accession No. Full call number Barcode. Koha item type
Library of Congress Classification   Samuel Ogbemudia Main Library, University of Abuja Samuel Ogbemudia Main Library, University of Abuja 09/15/2025 2024/63957 HQ755.8.N38 2025-3274 Books